[Event "Russian Team Championship: Higher League"]
[Site "Dagomys RUS"]
[Date "2009.04.05"]
[EventDate "2009.04.02"]
[Round "4"]
[Result "0-1"]
[White "Mikhail Antipov"]
[Black "Andrey Uzhva"]
[WhiteElo "2208"]
[BlackElo "2306"]
[PlyCount "186"]

1. e4 c5 2. Nf3 Nc6 3. Bb5 g6 4. c3 Nf6 5. e5 Nd5 6. O-O Bg7
7. d4 cxd4 8. cxd4 O-O 9. Nc3 Nxc3 10. bxc3 d6 11. exd6 Qxd6
12. a4 Rd8 13. Ba3 Qc7 14. Bxc6 bxc6 15. Re1 e6 16. Qe2 a5
17. Bc5 Ba6 18. c4 Rab8 19. Qc2 Rb7 20. Ne5 Bf8 21. Qe4 Rc8
22. Rac1 Bg7 23. h4 f6 24. Nd3 Re8 25. h5 Kf7 26. hxg6+ hxg6
27. Qf3 Kg8 28. Qg4 Qf7 29. Qe4 Rc7 30. Bb6 Rcc8 31. Nc5 f5
32. Qf4 Bb7 33. Bxa5 Ra8 34. Bc3 Bc8 35. a5 Qf8 36. Qc7 Qf7
37. Qxc6 Ra7 38. Qb6 Rae7 39. Qd6 f4 40. Re4 g5 41. Rce1 Qf5
42. f3 Kf7 43. Kf2 Qh7 44. Rg1 Qh8 45. Nd3 Bb7 46. Ne5+ Bxe5
47. Rxe5 Qh4+ 48. Kf1 Qh7 49. Re2 Qd3 50. Bb2 Qxc4 51. Kf2 Qd5
52. Qxd5 Bxd5 53. g3 g4 54. gxf4 gxf3 55. Rd2 Rh8 56. Ke3 Rb7
57. Rc1 Rh3 58. Bc3 Rb3 59. Rf2 Kf6 60. Kd2 Kf5 61. Rg1 Kxf4
62. Kc2 Ra3 63. Bd2+ Kf5 64. Rg5+ Kf6 65. Rg8 Rh1 66. Rf8+ Kg7
67. Rb8 Be4+ 68. Kb2 Rha1 69. Rb3 R1a2+ 70. Kc3 Rc2+ 71. Kb4
Raa2 72. Ra3 Rcb2+ 73. Kc3 Rxa3+ 74. Kxb2 Ra4 75. Kb3 Ra1
76. Kb2 Rb1+ 77. Kc3 Kg6 78. Be3 Ra1 79. Kb4 Bd5 80. Rd2 Kf5
81. Bf2 Ke4 82. Kc3 Rxa5 83. Kc2 Ra2+ 84. Kc1 Ra1+ 85. Kc2 Rf1
86. Bh4 Kf4 87. Rh2 Ra1 88. Rd2 Rf1 89. Kd3 Rc1 90. Rb2 Bc4+
91. Kd2 Rh1 92. Bf2 Rf1 93. Be3+ Ke4 0-1

[Event "Russian Team Championship: Higher League"]
[Site "Dagomys RUS"]
[Date "2009.04.07"]
[EventDate "2009.04.02"]
[Round "6"]
[Result "1/2-1/2"]
[White "Mikhail Antipov"]
[Black "Yury Prokopchuk"]
[WhiteElo "2208"]
[BlackElo "2301"]
[PlyCount "56"]

1. e4 Nf6 2. e5 Nd5 3. d4 d6 4. c4 Nb6 5. exd6 exd6 6. Nc3 Be7
7. Bd3 O-O 8. Nge2 Nc6 9. O-O Bf6 10. Be3 Nb4 11. b3 Nxd3
12. Qxd3 Bg4 13. Ng3 d5 14. c5 Nc8 15. f3 Be6 16. Rae1 g6
17. Bh6 Re8 18. Bf4 c6 19. Be5 Bg7 20. Bxg7 Kxg7 21. Re3 Ne7
22. Rfe1 h5 23. Re5 h4 24. Nf1 Nf5 25. Ne3 Nh6 26. Ng4 Nf5
27. Ne3 Nh6 28. Ng4 Nf5 1/2-1/2

[Event "Russian Team Championship: Higher League"]
[Site "Dagomys RUS"]
[Date "2009.04.08"]
[EventDate "2009.04.02"]
[Round "7"]
[Result "1-0"]
[White "Oleg Gladyszev"]
[Black "Mikhail Antipov"]
[WhiteElo "2434"]
[BlackElo "2208"]
[PlyCount "91"]

1. d4 d5 2. c4 c6 3. Nf3 Nf6 4. Nc3 e6 5. Bg5 h6 6. Bxf6 Qxf6
7. e3 Nd7 8. Bd3 dxc4 9. Bxc4 g6 10. O-O Bg7 11. Rc1 Qe7
12. Bb3 O-O 13. Na4 e5 14. Qc2 Qd6 15. dxe5 Nxe5 16. Nxe5 Bxe5
17. f4 Bg7 18. Rcd1 Qe7 19. e4 Bg4 20. Rde1 Rad8 21. e5 Bf5
22. Qc5 Qxc5+ 23. Nxc5 b6 24. Nb7 Rd2 25. Rf2 Rxf2 26. Kxf2
Bc8 27. Nd6 Be6 28. Ke3 Rd8 29. Rc1 c5 30. Nb5 Rd7 31. Bxe6
fxe6 32. Rc2 a6 33. Nd6 Bf8 34. Ne4 Be7 35. a4 Rc7 36. Rd2 Kf8
37. g4 b5 38. axb5 axb5 39. Nd6 Bxd6 40. exd6 Rd7 41. Ke4 Ke8
42. Ke5 Rf7 43. b4 c4 44. Ra2 Kd7 45. Ra7+ Ke8 46. Ra5 1-0

[Event "Russian Team Championship: Higher League"]
[Site "Dagomys RUS"]
[Date "2009.04.09"]
[EventDate "2009.04.02"]
[Round "8"]
[Result "0-1"]
[White "Mikhail Antipov"]
[Black "Hrair Simonian"]
[WhiteElo "2208"]
[BlackElo "2504"]
[PlyCount "74"]

1. e4 c5 2. Nf3 e6 3. b3 d6 4. Bb5+ Bd7 5. Bxd7+ Nxd7 6. O-O
Ngf6 7. Qe2 Be7 8. Bb2 O-O 9. c4 e5 10. Nc3 Nh5 11. Nd5 Ndf6
12. Nxe7+ Qxe7 13. g3 Qd7 14. Nh4 Qe6 15. d3 Rae8 16. f4 exf4
17. gxf4 Qh3 18. Bxf6 Nxf6 19. Nf3 Qg4+ 20. Kh1 Qxf4 21. Nd2
Qh6 22. Rf5 Re5 23. Raf1 Rxf5 24. Rxf5 Nd7 25. Nf3 Re8 26. Qf2
f6 27. Rd5 Qf4 28. Qg3 Qxg3 29. hxg3 Re6 30. Rf5 Ne5 31. Nxe5
dxe5 32. Rf3 Kf7 33. Kg2 h5 34. Rf2 f5 35. Kf3 g5 36. Ke3 Kg6
37. Rh2 Re8 0-1

[Event "Russian Team Championships"]
[Site "Sochi RUS"]
[Date "2012.04.14"]
[EventDate "2012.04.09"]
[Round "6"]
[Result "1-0"]
[White "Mikhail Panarin"]
[Black "Mikhail Antipov"]
[WhiteElo "2523"]
[BlackElo "2435"]
[PlyCount "82"]

1. e4 c5 2. Nf3 d6 3. d4 cxd4 4. Nxd4 Nf6 5. Nc3 g6 6. Be3 Bg7
7. f3 O-O 8. Qd2 Nc6 9. O-O-O d5 10. Qe1 e5 11. Nxc6 bxc6
12. exd5 Nxd5 13. Bc4 Be6 14. Ne4 Qb8 15. Bc5 Rd8 16. Qa5 Bh6+
17. Kb1 f5 18. Nc3 Bg7 19. Bb3 Nxc3+ 20. Qxc3 Bd5 21. Be7 Re8
22. Rxd5 cxd5 23. Bxd5+ Kh8 24. Bc5 Rd8 25. Bxa8 Qxa8 26. Qe3
Rd7 27. Bb4 Qd5 28. Bc3 h5 29. Re1 Kh7 30. a4 Qc6 31. Bxe5
Qxa4 32. Bxg7 Rxg7 33. g3 Qb4 34. h3 Rb7 35. Qe5 Qc4 36. g4
Rc7 37. Re2 Rd7 38. b3 Qa6 39. Re1 Rf7 40. gxh5 gxh5 41. Rg1
Qf6 1-0

[Event "23rd Czech Open A"]
[Site "Pardubice CZE"]
[Date "2012.07.20"]
[EventDate "2012.07.20"]
[Round "1.59"]
[Result "1-0"]
[White "Mikhail Antipov"]
[Black "Ori Kobo"]
[WhiteElo "2470"]
[BlackElo "2226"]
[PlyCount "161"]

1. e4 e5 2. Nf3 Nc6 3. Bb5 a6 4. Ba4 Nf6 5. O-O Be7 6. Re1 b5
7. Bb3 d6 8. c3 O-O 9. h3 Na5 10. Bc2 c5 11. d4 Nd7 12. Nbd2
exd4 13. cxd4 Nc6 14. d5 Nce5 15. Nxe5 Nxe5 16. f4 Ng6 17. Nf3
Bh4 18. Nxh4 Qxh4 19. f5 Ne5 20. Rf1 Bd7 21. Kh2 Kh8 22. g3
Qe7 23. g4 f6 24. h4 Be8 25. g5 Bf7 26. Rg1 Qe8 27. Qf1 Bh5
28. Rg3 Bg4 29. Bd1 Qh5 30. Rxg4 Nxg4+ 31. Kg3 Qe8 32. Bxg4
Qxe4 33. Qf3 Qe1+ 34. Qf2 Rae8 35. Qxe1 Rxe1 36. b3 Kg8
37. gxf6 gxf6 38. Bh5 a5 39. Kf2 Rh1 40. Bf3 Rxh4 41. Kg3 Rd4
42. Be3 Rd3 43. Rg1 Kh8 44. Kf4 Re8 45. Be4 Rc3 46. Rh1 Rg8
47. Bd2 Rcg3 48. Bf3 b4 49. Rh6 Rg2 50. Bxg2 Rxg2 51. Ke3 Kg7
52. Rh1 a4 53. bxa4 Rg3+ 54. Ke4 Ra3 55. Bf4 Rxa4 56. Kd3 b3
57. Bh6+ Kf7 58. axb3 Rd4+ 59. Kc3 Rxd5 60. Rh5 Rd1 61. Bf4
Kg7 62. Rh4 d5 63. Bd6 c4 64. bxc4 dxc4 65. Bf4 Ra1 66. Kxc4
Ra5 67. Bh6+ Kf7 68. Rh5 Re5 69. Kd3 Kg8 70. Be3 Kg7 71. Bd4
Ra5 72. Ke4 Ra2 73. Rh1 Re2+ 74. Be3 Rb2 75. Rg1+ Kf7 76. Ra1
Rb4+ 77. Bd4 Kg7 78. Kd5 h5 79. Rg1+ Kf7 80. Rh1 Rb5+ 81. Ke4
1-0

[Event "23rd Czech Open A"]
[Site "Pardubice CZE"]
[Date "2012.07.21"]
[EventDate "2012.07.20"]
[Round "2.40"]
[Result "1/2-1/2"]
[White "Martin Cuhra"]
[Black "Mikhail Antipov"]
[WhiteElo "2216"]
[BlackElo "2470"]
[PlyCount "89"]

1. e4 c5 2. Nf3 d6 3. d4 cxd4 4. Nxd4 Nf6 5. Nc3 a6 6. Bg5
Nbd7 7. f4 b5 8. Qf3 Bb7 9. O-O-O e6 10. Bd3 Qb6 11. Nce2 Be7
12. g4 Nc5 13. Bxf6 Bxf6 14. g5 Be7 15. h4 g6 16. Kb1 h5
17. Rhe1 Bf8 18. Qe3 Nd7 19. Qh3 e5 20. Nf3 Nc5 21. fxe5 dxe5
22. Nxe5 Bg7 23. Nf3 O-O 24. Nf4 Na4 25. e5 Qf2 26. Be4 Bxe4
27. Rxe4 Rfd8 28. Nd3 Qa7 29. Ree1 Qe7 30. Qg3 Rac8 31. Qf4
Rc4 32. Qe3 Nc5 33. Nxc5 Rxd1+ 34. Rxd1 Rxc5 35. Re1 Rd5
36. Qe4 Qe6 37. a3 Rd7 38. Qa8+ Kh7 39. Qe4 Qg4 40. Ka2 Rc7
41. Qxg4 hxg4 42. Nd4 g3 43. c3 Rc5 44. Nf3 Rc4 45. Nd4
1/2-1/2

[Event "23rd Czech Open A"]
[Site "Pardubice CZE"]
[Date "2012.07.22"]
[EventDate "2012.07.20"]
[Round "3.41"]
[Result "1-0"]
[White "Mikhail Antipov"]
[Black "Lev Yankelevich"]
[WhiteElo "2470"]
[BlackElo "2147"]
[PlyCount "61"]

1. e4 c5 2. Nf3 d6 3. d4 cxd4 4. Nxd4 Nf6 5. Nc3 a6 6. h3 e6
7. g4 b5 8. Bg2 Bb7 9. O-O Nfd7 10. Be3 Be7 11. f4 O-O 12. f5
b4 13. Na4 Nc5 14. c3 Bg5 15. Bxg5 Qxg5 16. fxe6 Qe3+ 17. Kh2
Bxe4 18. exf7+ Rxf7 19. Rxf7 Bxg2 20. Kxg2 Kxf7 21. Nxc5 dxc5
22. Qf1+ Kg8 23. Re1 cxd4 24. Rxe3 dxe3 25. Qc4+ Kf8 26. Qc8+
Ke7 27. Qb7+ Nd7 28. Qe4+ Kd6 29. Qxa8 bxc3 30. Qxa6+ Kd5
31. Qd3+ 1-0

[Event "23rd Czech Open A"]
[Site "Pardubice CZE"]
[Date "2012.07.23"]
[EventDate "2012.07.20"]
[Round "4.14"]
[Result "0-1"]
[White "Mikhail Antipov"]
[Black "Alexandre Danin"]
[WhiteElo "2470"]
[BlackElo "2525"]
[PlyCount "143"]

1. e4 e6 2. d4 d5 3. Nc3 Nf6 4. Bg5 Be7 5. e5 Nfd7 6. h4 O-O
7. Qg4 f6 8. Nf3 Rf7 9. exf6 Nxf6 10. Qg3 Nc6 11. O-O-O Qf8
12. Bb5 Nh5 13. Qg4 Nf6 14. Bxf6 Rxf6 15. Rhe1 Bd6 16. Kb1 a6
17. Bd3 Nb4 18. Bf1 Rf4 19. Qg5 h6 20. Qh5 Rf5 21. Qg4 Rf4
22. Qh5 Bd7 23. Ne5 Be8 24. Qe2 Rxf2 25. Qg4 Qf5 26. Qxf5 Rxf5
27. a3 Bxe5 28. axb4 Bd6 29. Bd3 Rf6 30. b5 Bg3 31. Rh1 axb5
32. Rh3 Bf4 33. Bxb5 c6 34. Bd3 e5 35. dxe5 Bxe5 36. Re3 Bd6
37. Be2 Bf7 38. Rf3 Rxf3 39. Bxf3 Re8 40. Ne2 Be5 41. h5 Kf8
42. c3 Ke7 43. Nd4 Kd6 44. Kc2 Bf6 45. Rf1 Kc7 46. Nf5 Be6
47. Bg4 Kd8 48. Bh3 Be5 49. Re1 Bd7 50. Rf1 Rf8 51. g4 Kc7
52. Rf2 b5 53. Bf1 Bf6 54. Bd3 c5 55. Ne3 Bc6 56. Bf1 Re8
57. Nf5 Rf8 58. Bg2 b4 59. cxb4 cxb4 60. Ne3 Rd8 61. Rd2 d4
62. Bxc6 Kxc6 63. Nf5 Kd5 64. Kd3 Re8 65. Rf2 Bg5 66. Rf3 Re1
67. Nxg7 Rd1+ 68. Kc2 Rg1 69. Kd3 Rd1+ 70. Kc2 Rd2+ 71. Kb3
Rg2 72. Rf5+ 0-1

[Event "23rd Czech Open A"]
[Site "Pardubice CZE"]
[Date "2012.07.24"]
[EventDate "2012.07.20"]
[Round "5.38"]
[Result "1-0"]
[White "Vasily Usmanov"]
[Black "Mikhail Antipov"]
[WhiteElo "2333"]
[BlackElo "2470"]
[PlyCount "117"]

1. d4 Nf6 2. Nf3 e6 3. c4 c5 4. g3 cxd4 5. Nxd4 d5 6. Bg2 Bb4+
7. Bd2 Be7 8. O-O O-O 9. cxd5 Nxd5 10. Nc3 Nb6 11. Bf4 N8d7
12. Ndb5 e5 13. Be3 Bc5 14. Bxc5 Nxc5 15. Qxd8 Rxd8 16. Rfd1
Ne6 17. Nc7 Rb8 18. Nxe6 Bxe6 19. Rxd8+ Rxd8 20. Bxb7 Rd2
21. Rb1 Nc4 22. b3 Nd6 23. Ba6 Rc2 24. Rd1 Rxc3 25. Rxd6 g6
26. Rd2 e4 27. Kg2 e3 28. fxe3 Rxe3 29. Rc2 Re5 30. b4 Re4
31. a3 Re3 32. Bd3 Bd5+ 33. Kf2 Re7 34. Rc5 Bb7 35. a4 Kg7
36. a5 h5 37. Ke1 Kf6 38. Kd2 Ke6 39. Kc3 Kd6 40. Kd4 Re8
41. Rc1 Rd8 42. Ke3 Re8+ 43. Kf4 Re5 44. h4 Re8 45. Rc5 Bc6
46. Rc4 Rb8 47. Rd4+ Ke7 48. Kg5 Bb5 49. Kh6 Kf8 50. Bxb5 Rxb5
51. Rd7 a6 52. Ra7 Rxb4 53. Rxa6 Rg4 54. Ra8+ Ke7 55. a6 Kf6
56. a7 Ra4 57. e4 Ra6 58. e5+ Kf5 59. Kg7 1-0

[Event "23rd Czech Open A"]
[Site "Pardubice CZE"]
[Date "2012.07.25"]
[EventDate "2012.07.20"]
[Round "6.55"]
[Result "1-0"]
[White "Mikhail Antipov"]
[Black "Igor Varitski"]
[WhiteElo "2470"]
[BlackElo "2286"]
[PlyCount "55"]

1. e4 c6 2. d4 d5 3. e5 Bf5 4. Nd2 e6 5. Nb3 Nd7 6. Nf3 a6
7. Be2 c5 8. O-O Rc8 9. c3 h6 10. Be3 cxd4 11. Nfxd4 Ne7
12. f4 Be4 13. g4 g6 14. Nd2 h5 15. gxh5 Nf5 16. Nxf5 Bxf5
17. hxg6 fxg6 18. Nf3 Nc5 19. c4 Ne4 20. Qa4+ b5 21. cxb5 axb5
22. Qxb5+ Kf7 23. Bb6 Rb8 24. Bxd8 Rxb5 25. Bxb5 Bc5+ 26. Kh1
Ng3+ 27. Kg2 Nxf1 28. Ng5+ 1-0

[Event "23rd Czech Open A"]
[Site "Pardubice CZE"]
[Date "2012.07.26"]
[EventDate "2012.07.20"]
[Round "7.42"]
[Result "0-1"]
[White "Martin Molinaroli"]
[Black "Mikhail Antipov"]
[WhiteElo "2303"]
[BlackElo "2470"]
[PlyCount "92"]

1. Nf3 Nf6 2. b3 g6 3. Bb2 Bg7 4. g3 O-O 5. Bg2 d6 6. d4 Nbd7
7. O-O c5 8. c4 Rb8 9. Nc3 b6 10. Qd2 a6 11. a4 e6 12. Rfd1
Bb7 13. Ra2 cxd4 14. Nxd4 Bxg2 15. Kxg2 Qc7 16. Nf3 Nc5 17. b4
Nb7 18. Qd3 Rbc8 19. Nd2 Rfd8 20. Rc1 Qc6+ 21. Kg1 a5 22. Nce4
Nxe4 23. Nxe4 Bxb2 24. Rxb2 d5 25. Nf6+ Kg7 26. Ng4 f6 27. Qe3
g5 28. Qf3 Rf8 29. b5 Qc7 30. Rbc2 d4 31. h4 h5 32. Nh2 g4
33. Qe4 Qd7 34. Rd1 e5 35. Qd3 Nc5 36. Qa3 Qf5 37. Rcc1 Rf7
38. f3 gxf3 39. exf3 Rg8 40. g4 Qf4 41. Qb2 Kh8 42. Kh1 hxg4
43. fxg4 Ne4 44. Rc2 Rh7 45. h5 Rxg4 46. Nxg4 Qf3+ 0-1

[Event "23rd Czech Open A"]
[Site "Pardubice CZE"]
[Date "2012.07.27"]
[EventDate "2012.07.20"]
[Round "8.22"]
[Result "0-1"]
[White "Hannes Stefansson"]
[Black "Mikhail Antipov"]
[WhiteElo "2515"]
[BlackElo "2470"]
[PlyCount "67"]

1. d4 Nf6 2. c4 e6 3. Nf3 c5 4. g3 cxd4 5. Nxd4 Qa5+ 6. Nc3
Ne4 7. Bd2 Nxd2 8. Qxd2 Nc6 9. Ndb5 Bb4 10. Bg2 a6 11. Nd6+
Ke7 12. Rd1 Qe5 13. Nde4 f5 14. a3 Ba5 15. Nd6 Rd8 16. b4 Bc7
17. c5 Bxd6 18. cxd6+ Kf7 19. f4 Qf6 20. Na4 b6 21. Bxc6 dxc6
22. Nxb6 Rb8 23. Nc4 Rb5 24. O-O a5 25. Qe3 Kg8 26. Nxa5 Rd5
27. Nxc6 R8xd6 28. Rxd5 Rxd5 29. Rc1 Bb7 30. a4 Kf8 31. Na5
Ba8 32. b5 Qd8 33. Nc6 Qd6 34. Kf2 0-1

[Event "23rd Czech Open A"]
[Site "Pardubice CZE"]
[Date "2012.07.28"]
[EventDate "2012.07.20"]
[Round "9.43"]
[Result "0-1"]
[White "Mikhail Antipov"]
[Black "Eesha Karavade"]
[WhiteElo "2470"]
[BlackElo "2343"]
[PlyCount "104"]

1. e4 e6 2. d4 d5 3. Nc3 Bb4 4. e5 c5 5. a3 Bxc3+ 6. bxc3 Ne7
7. Nf3 b6 8. Bb5+ Bd7 9. Bd3 Ba4 10. h4 h6 11. h5 c4 12. Bf1
Kd7 13. g3 Qg8 14. Bh3 Qh7 15. Ra2 Nbc6 16. O-O Rhg8 17. Nh2
Raf8 18. Ng4 Kc7 19. Ne3 Kb7 20. Kh2 Nd8 21. f4 f5 22. exf6
Rxf6 23. Qf3 Ka6 24. Qe2 g6 25. Bd2 Qg7 26. hxg6 Qxg6 27. g4
Nb7 28. Be1 Re8 29. Bh4 Rf7 30. Qf3 Nd6 31. f5 exf5 32. gxf5
Nexf5 33. Bxf5 Rxe3 34. Qxe3 Nxf5 35. Qh3 Bd7 36. Rg1 Qh5
37. Be1 Qxh3+ 38. Kxh3 Nxd4+ 39. Kg2 Ne2 40. Rh1 Bf5 41. Rxh6
Be4+ 42. Kh3 Rf1 43. Bd2 Rd1 44. Be3 Nxc3 45. Rb2 Rh1+ 46. Kg4
Nd1 47. Rxh1 Bxh1 48. Bd4 Nxb2 49. Bxb2 Be4 50. Kf4 Bxc2
51. Ke5 Be4 52. Kd4 Kb5 0-1

[Event "23rd Czech Open Rapid"]
[Site "Pardubice CZE"]
[Date "2012.07.19"]
[EventDate "2012.07.18"]
[Round "6.7"]
[Result "0-1"]
[White "Viacheslav Zakhartsov"]
[Black "Mikhail Antipov"]
[WhiteElo "2547"]
[BlackElo "2470"]
[PlyCount "65"]

1. d4 Nf6 2. c4 e6 3. Nf3 c5 4. d5 b5 5. Bg5 Qa5+ 6. Nc3 b4
7. Bxf6 gxf6 8. Ne4 Be7 9. Qd3 f5 10. Ned2 d6 11. dxe6 Bxe6
12. g3 Nc6 13. Bh3 Ne5 14. Nxe5 dxe5 15. Nb3 Qa6 16. Bxf5 Bxc4
17. Qe4 Rd8 18. Qxe5 Qf6 19. Qxf6 Bxf6 20. Rc1 Bd5 21. e4 Bxb3
22. axb3 Bxb2 23. Rxc5 Bc3+ 24. Ke2 Rd2+ 25. Ke3 O-O 26. Ra5
Rfd8 27. e5 Rb2 28. Rb1 Bd4+ 29. Kf4 Rxf2+ 30. Ke4 Bb6 31. Rd5
Rxd5 32. Kxd5 Rxf5 33. Ra1 0-1

[Event "23rd Czech Open Rapid"]
[Site "Pardubice CZE"]
[Date "2012.07.19"]
[EventDate "2012.07.18"]
[Round "7.4"]
[Result "1/2-1/2"]
[White "Mikhail Antipov"]
[Black "David Navara"]
[WhiteElo "2470"]
[BlackElo "2679"]
[PlyCount "107"]

1. e4 c5 2. Nf3 d6 3. d4 cxd4 4. Nxd4 Nf6 5. Nc3 a6 6. h3 e6
7. g4 b5 8. Bg2 Bb7 9. a3 Be7 10. O-O O-O 11. Qe2 Re8 12. Be3
Nfd7 13. Rad1 Nc6 14. f4 Nxd4 15. Bxd4 Qc7 16. Qf2 Bf8 17. Kh1
Rac8 18. g5 e5 19. Be3 exf4 20. Bxf4 Ne5 21. Bxe5 Rxe5 22. Nd5
Bxd5 23. Rxd5 Rxd5 24. exd5 g6 25. c3 Bg7 26. Re1 Be5 27. Re4
Kg7 28. Qe2 Qe7 29. h4 Rh8 30. a4 h6 31. gxh6+ Rxh6 32. axb5
f5 33. Rb4 Rxh4+ 34. Rxh4 Qxh4+ 35. Kg1 axb5 36. Qxb5 Bh2+
37. Kf1 Qf4+ 38. Ke2 Bg3 39. Kd1 Kh6 40. Qd3 g5 41. b4 g4
42. Qd2 Qxd2+ 43. Kxd2 f4 44. c4 Bf2 45. Kd3 f3 46. Bh1 Kg5
47. Ke4 Be1 48. c5 f2 49. Bg2 Bxb4 50. cxd6 Bxd6 51. Ke3 Bc5+
52. Ke2 Kf4 53. d6 Kg3 54. Kf1 1/2-1/2

[Event "23rd Czech Open Rapid"]
[Site "Pardubice CZE"]
[Date "2012.07.19"]
[EventDate "2012.07.18"]
[Round "8.3"]
[Result "1/2-1/2"]
[White "Ehsan Ghaem Maghami"]
[Black "Mikhail Antipov"]
[WhiteElo "2577"]
[BlackElo "2470"]
[PlyCount "165"]

1. e4 c5 2. Nf3 d6 3. c3 Nf6 4. Bd3 Nc6 5. Bc2 e6 6. O-O d5
7. e5 Nd7 8. d4 Be7 9. Re1 b5 10. Nbd2 a5 11. dxc5 Nxc5
12. Nb3 Nxb3 13. axb3 Qc7 14. h3 Ba6 15. Ng5 h6 16. Nf3 b4
17. Bf4 Na7 18. Bd3 Bxd3 19. Qxd3 Nc6 20. Qe3 Qa7 21. Qd2 Qb7
22. Rab1 Bc5 23. Be3 Bxe3 24. Rxe3 O-O 25. Nd4 Nxd4 26. Qxd4
bxc3 27. bxc3 a4 28. Qd1 Rfb8 29. b4 Rc8 30. Ra1 Qd7 31. Ra3
Rc4 32. Re2 Qb5 33. Qd3 Rac8 34. Rea2 Qb8 35. Re2 d4 36. cxd4
Qxb4 37. Rea2 Rxd4 38. Qe3 Re4 39. Qd2 Qxd2 40. Rxd2 Rc5
41. Rd8+ Kh7 42. Ra8 Rcxe5 43. R8xa4 Re1+ 44. Kh2 Rf5 45. Ra2
g5 46. Rc2 Rf1 47. Raa2 Kg6 48. g3 Rd1 49. Kg2 Rd4 50. Rab2 h5
51. Rb8 h4 52. g4 Rff4 53. Rbc8 Kf6 54. R8c7 Ra4 55. R7c5 Kg6
56. Rc6 Ra3 57. R6c3 Ra1 58. Rc1 Raa4 59. R1c2 Rfd4 60. Rc6
Ra1 61. Rc1 Ra3 62. R1c3 Raa4 63. Rc2 Re4 64. R2c3 Rf4 65. Rc2
Kf6 66. R6c5 Rab4 67. Rc6 Rb3 68. R6c3 Rb1 69. Rc1 Rb2
70. R1c2 Rfb4 71. Rxb2 Rxb2 72. Rc5 Rd2 73. Ra5 Rb2 74. Rc5 e5
75. Rc6+ Ke7 76. Ra6 e4 77. Ra4 Kf6 78. Rxe4 Rb3 79. Ra4 Rb2
80. Ra3 Kg6 81. Kf3 Rb4 82. Ra6+ f6 83. Ra3 1/2-1/2

[Event "23rd Czech Open Rapid"]
[Site "Pardubice CZE"]
[Date "2012.07.19"]
[EventDate "2012.07.18"]
[Round "9.8"]
[Result "1-0"]
[White "Mikhail Antipov"]
[Black "Dmitry Kononenko"]
[WhiteElo "2470"]
[BlackElo "2608"]
[PlyCount "83"]

1. e4 c5 2. Nf3 Nc6 3. d4 cxd4 4. Nxd4 Nf6 5. Nc3 d6 6. Bc4 e6
7. O-O a6 8. Bb3 Be7 9. Be3 Na5 10. f4 Nxb3 11. axb3 O-O
12. Qf3 Qc7 13. g4 Nd7 14. g5 Re8 15. h4 Bf8 16. h5 b6 17. f5
Ne5 18. Qg3 Bb7 19. g6 exf5 20. gxf7+ Qxf7 21. Rxf5 Qd7
22. Raf1 g6 23. h6 Be7 24. Nd5 Bxd5 25. exd5 Rf8 26. Ne6 Rxf5
27. Rxf5 Rf8 28. Rxe5 dxe5 29. Qxe5 Bd6 30. Qe4 Rf5 31. c4 Qf7
32. Bxb6 Rf1+ 33. Kg2 Rh1 34. Bg1 Rxh6 35. c5 Be7 36. d6 Rh4
37. Qa8+ Bf8 38. Qxf8+ Qxf8 39. Nxf8 Kxf8 40. c6 Rg4+ 41. Kh2
Rxg1 42. c7 1-0

[Event "Chigorin Memorial"]
[Site "St. Petersburg RUS"]
[Date "2012.10.27"]
[EventDate "2012.10.27"]
[Round "?"]
[Result "1-0"]
[White "Mikhail Antipov"]
[Black "Evgeni Kartsev"]
[WhiteElo "2457"]
[BlackElo "2070"]
[PlyCount "129"]

1. e4 e5 2. Nf3 Nc6 3. Bb5 a6 4. Ba4 Nf6 5. O-O Be7 6. Re1 b5
7. Bb3 d6 8. c3 O-O 9. h3 Nb8 10. d4 Nbd7 11. Nbd2 Bb7 12. Bc2
Re8 13. Nf1 Bf8 14. Ng3 g6 15. Bg5 c5 16. d5 Bg7 17. Qd2 Qe7
18. Nh2 Qf8 19. Ng4 h5 20. Nxf6+ Bxf6 21. Be3 Kh7 22. Nf1 Bg7
23. g4 Bh6 24. gxh5 Bxe3 25. Qxe3 Qe7 26. hxg6+ fxg6 27. Bd1
Kg7 28. Qg3 Rh8 29. Ne3 Kf7 30. Bg4 Ke8 31. a4 Kd8 32. axb5
axb5 33. Rxa8+ Bxa8 34. Ra1 Bb7 35. Qf3 Kc7 36. Qe2 Kb6 37. c4
b4 38. Qd1 Nf6 39. Qa4 Ra8 40. Qb5+ Kc7 41. Rxa8 Bxa8 42. Qa5+
Kb8 43. Qb6+ Bb7 44. f3 Qc7 45. Qb5 Ka7 46. Qa4+ Kb8 47. Kf2
Qb6 48. b3 Kc7 49. Be6 Qa6 50. Qxa6 Bxa6 51. Bf7 Nh5 52. Bxg6
Nf4 53. Bf5 Nd3+ 54. Kg3 Kd8 55. h4 Ke7 56. h5 Nc1 57. h6 Kf8
58. Bg6 Kg8 59. h7+ Kh8 60. Nf5 Ne2+ 61. Kh4 Nf4 62. Kg5 Bxc4
63. Nxd6 Kg7 64. h8=Q+ Kxh8 65. Nxc4 1-0

[Event "Chigorin Memorial"]
[Site "St. Petersburg RUS"]
[Date "2012.10.27"]
[EventDate "2012.10.27"]
[Round "?"]
[Result "0-1"]
[White "Viktor Ignatyev"]
[Black "Mikhail Antipov"]
[WhiteElo "2254"]
[BlackElo "2457"]
[PlyCount "46"]

1. d4 Nf6 2. c4 e6 3. Nc3 Bb4 4. Qc2 O-O 5. Bg5 h6 6. Bh4 c5
7. dxc5 Bxc5 8. Nf3 Nc6 9. e3 Be7 10. Be2 d5 11. Rd1 Qa5
12. O-O dxc4 13. Bxc4 a6 14. Ne4 Nb4 15. Qb1 Nbd5 16. Bxd5
Nxd5 17. Rxd5 exd5 18. Bxe7 dxe4 19. Bxf8 exf3 20. Be7 fxg2
21. Kxg2 Qh5 22. Qe4 Bh3+ 23. Kg1 Re8 0-1

[Event "Chigorin Memorial"]
[Site "St. Petersburg RUS"]
[Date "2012.10.27"]
[EventDate "2012.10.27"]
[Round "?"]
[Result "0-1"]
[White "Mikhail Antipov"]
[Black "Vladimir Epishin"]
[WhiteElo "2457"]
[BlackElo "2574"]
[PlyCount "66"]

1. e4 b6 2. d4 Bb7 3. Bd3 e6 4. Nf3 d6 5. O-O Nd7 6. c4 g6
7. Nc3 Bg7 8. b3 Ne7 9. Bb2 h6 10. Qd2 O-O 11. d5 a5 12. Rac1
e5 13. a3 f5 14. b4 Bc8 15. Qe2 Nf6 16. Nd2 Nh5 17. g3 f4
18. Qd1 Bh3 19. Re1 axb4 20. axb4 Kh7 21. Be2 fxg3 22. fxg3
Nf6 23. Nf3 c6 24. Kh1 cxd5 25. cxd5 Ng4 26. Ng5+ hxg5
27. Bxg4 Bxg4 28. Qxg4 Ng8 29. Kg2 Nf6 30. Qe2 Qd7 31. Nd1
Rac8 32. h3 g4 33. h4 Nh5 0-1

[Event "Chigorin Memorial"]
[Site "St. Petersburg RUS"]
[Date "2012.10.27"]
[EventDate "2012.10.27"]
[Round "?"]
[Result "0-1"]
[White "Sergey Naboka"]
[Black "Mikhail Antipov"]
[WhiteElo "2256"]
[BlackElo "2457"]
[PlyCount "70"]

1. e4 c5 2. Nf3 d6 3. d4 cxd4 4. Nxd4 Nf6 5. Nc3 a6 6. Bg5
Nbd7 7. Qe2 e6 8. f4 Qc7 9. O-O-O Be7 10. g4 h6 11. Bxf6 Bxf6
12. h4 g5 13. hxg5 hxg5 14. Rxh8+ Bxh8 15. fxg5 Qc5 16. Qe3
Ne5 17. Be2 Nc6 18. Nf5 exf5 19. Qxc5 dxc5 20. gxf5 Bxc3
21. bxc3 Bd7 22. Bh5 Rd8 23. Rd5 b6 24. Rd6 Ke7 25. Rf6 Rf8
26. a4 b5 27. axb5 axb5 28. Be2 c4 29. Bh5 Ne5 30. Rb6 Bc6
31. g6 fxg6 32. Bxg6 Ra8 33. Kd2 Kd6 34. Ke3 Kc5 35. Kf4 Nxg6+
0-1

[Event "Chigorin Memorial"]
[Site "St. Petersburg RUS"]
[Date "2012.10.27"]
[EventDate "2012.10.27"]
[Round "?"]
[Result "1-0"]
[White "Mikhail Antipov"]
[Black "Maxim Matlakov"]
[WhiteElo "2457"]
[BlackElo "2665"]
[PlyCount "99"]

1. e4 d6 2. d4 Nf6 3. f3 g6 4. c4 Bg7 5. Nc3 O-O 6. Be3 c5
7. Nge2 Nc6 8. d5 Ne5 9. Ng3 e6 10. Be2 exd5 11. cxd5 h5
12. O-O a6 13. a4 Bd7 14. Qd2 b5 15. axb5 axb5 16. Nxb5 h4
17. Nh1 Bxb5 18. Bxb5 h3 19. Be2 hxg2 20. Kxg2 Rb8 21. Nf2 Rb4
22. Rfc1 Qe7 23. Ra7 Qxa7 24. Qxb4 Bh6 25. Qd2 Bxe3 26. Qxe3
Qe7 27. f4 Ned7 28. Qd3 Rb8 29. b3 Qf8 30. h4 Qh6 31. Kg3 Ra8
32. Qc3 Qh8 33. Kh3 Kh7 34. Ra1 Rb8 35. Ra7 Kg8 36. Bf3 Qh6
37. Kg3 Rb4 38. Ra8+ Kh7 39. Rd8 Rd4 40. Nh3 Kg7 41. Ng5 Nf8
42. b4 Kg8 43. bxc5 dxc5 44. Qxc5 Rd3 45. Kg2 Rd2+ 46. Kf1
N6d7 47. Qe7 Qg7 48. e5 Rd4 49. Qxd7 Rxf4 50. Qe7 1-0

[Event "Chigorin Memorial"]
[Site "St. Petersburg RUS"]
[Date "2012.11.01"]
[EventDate "2012.10.27"]
[Round "6"]
[Result "1-0"]
[White "Robert Hovhannisyan"]
[Black "Mikhail Antipov"]
[WhiteElo "2610"]
[BlackElo "2457"]
[PlyCount "51"]

1. c4 Nf6 2. Nc3 e6 3. e4 d5 4. cxd5 exd5 5. e5 d4 6. exf6
dxc3 7. Bb5+ Nc6 8. Qe2+ Be6 9. dxc3 Qxf6 10. Nf3 Bc5 11. Ng5
O-O 12. Nxh7 Bxf2+ 13. Qxf2 Qxf2+ 14. Kxf2 Kxh7 15. Bf4 Rac8
16. Rhd1 Nd8 17. Re1 c6 18. Bd3+ Kg8 19. b3 f5 20. Re3 Kf7
21. Rae1 b5 22. Bc2 Kf6 23. h4 Bd5 24. Be5+ Kf7 25. Bd6 Rh8
26. Bxf5 1-0